000 00912nam a22002657a 4500
003 CHAP
005 20220329135057.0
008 971013s1968 r 10010 d
010 _a30570
011 _a31542
035 _a35654
040 _cCHAP
090 _aFolleto 906
111 0 0 _aNational Burcellosis Committee. Annual Meeting (
_d1968
_c: Omaha, Neb.)
_980308
245 _a1968 proceedings of the National Brucellosis Committee and progress report of the Cooperative State-Federal Brucellosis Eradication Program
260 _aWashigton :
_bGovernment Printing Office,
_c1968
300 _a59 p.
_b: ilus.
590 _aBATCH-UPD
_b10
_c20130110
_lUCH01
_h0143
590 _aBATCH-UPD
_b10
_c20130110
_lUCH01
_h2045
590 _aCONVERSION
_b10
_c20130109
_lUCH01
_h1317
650 1 4 _aBrucelosis.
_915734
901 _aBK
942 _cFOLL
949 _aFolleto 906
_bBC
_cFOLL
_d-82510
_eTS1
_i35654
_mD
_si
999 _c30570
_d30570